| 000 | 00781njm a2200277Ia 4500 | ||
|---|---|---|---|
| 001 | 24206 | ||
| 003 | IT-RoPAU | ||
| 005 | 20220918181129.0 | ||
| 008 | 131025s9999 xx 000 0 und d | ||
| 040 | _aIT-RoPAU | ||
| 040 | _cIT-RoPAU | ||
| 041 | _aITALIANO | ||
| 999 |
_c100473 _d100473 |
||
| 999 | _bn.d. | ||
| 100 |
_aFalletti Eduardo _99580 |
||
| 100 |
_eAutore musica _99581 |
||
| 100 |
_gCodice autore musica SPICS: 33500 _99582 |
||
| 245 | _aAvventure di Pinocchio (Le) | ||
| 250 | _a1a ed. | ||
| 260 | _aALBANO | ||
| 260 |
_bEP - MUSICALI E DISCOGRAFICHE _c1967 [1a Ed.:1967 - Ed. Lingua Orig.: 1967] |
||
| 300 | _aDISCO | ||
| 500 | _aParlato. Favola. | ||
| 505 | _aFavola di Pinocchio per bambini. | ||
| 650 |
_aPARLATO [DISCHI] _eCodice MATERIA SPICS: 9950 _99583 |
||
| 942 |
_cMD _2ddc |
||